Statistiche per Province del Veneto (con mappa)

Clicka qui per fare il quiz!

Statistiche generali

  • Questo quiz è stato fatto 4.123 volte
  • Il punteggio medio è 6 su 7

Risposte nella Mappa

Le risposte nella mappa del quiz sottostante sono codificate secondo una scala di colori dal rosso al verde in base alla % di persone che hanno risposto correttamente.
 

Statistiche sulle risposte

Provincia% Corretto
Venezia
100%
Verona
95%
Padova
88%
Vicenza
86%
Belluno
78%
Treviso
77%
Rovigo
76%

Distribuzione punteggi

Percentile per numero di risposta

Percentuale di utenti per punteggio

I tuoi punteggi nel tempo

Non hai fatto questo quiz